00803cam a2200217 a 4500003000900000008004100009010001600050020001500066040001300081050002400094100003000118245016400148250004900312260003100361300002800392650003500420700001600455700002500471740006800496740002100564EG-GiCUC910311s1993 fr d 000 0 fre  a 91127500 a285036066X aDLCcDLC00aPC2625b.R5545 19931 aRobert, Paul, d1910-198013aLe Nouveau petit Robert :bdictionnaire alphabetique et analogique de la langue francaise /c[par Paul Robert ]; redaction dirigee par A. Rey et J. Rey-Debove. aNouv. ed. rev., corr. et mise ajour en 1993. aParis :bLe Robert;c1990. axxxv, 2467 p. ;c25 cm. 0aFrench languagexDictionaries.1 aRey, Alain.2 aRey-Debove, Josette.0 aDictionnaire alphabetique et analogique de la langue francaise.0 aPetit Robert un.